000 00886nam a2200277 i 4500
001 5910
003 ES-MaACL
005 20250830052203.0
007 t|
008 890614s1989 sp |||| | spa d
020 _a84-7658-153-X
080 _a655.41(460)"1931/1939"
100 1 _aSantonja, Gonzalo,
_d1952-
_9103451
245 1 3 _aLa república de los libros
_b: el nuevo libro popular de la II República /
_cGonzalo Santonja.
250 _a1ª ed.
260 _aBarcelona :
_bAnthropos,
_c1989.
300 _a191p. ;
_c20 cm.
490 1 _aÁmbitos literarios. Ensayo ;
_v29
586 _aPremio de Ensayo "Ciudad de Segovia", 1989
650 1 4 _aEditoriales-
_zEspaña.
_912067
650 4 _aLibros-
_zEspaña-
_yS.XX.
_9167637
830 0 0 _aÁmbitos literarios.
_pEnsayo
_v29
_9236239
852 _aES-MaACL
_jL-13039
942 _2udc
999 _c5910
_d5910